Centrálne vetranie bytového domu s aplikáciou rekuperačnej jednotky

Gespeichert in:
Bibliographische Detailangaben
1. Verfasser: Smalik, Stanislav (Verfasst von)
Weitere Verfasser: Hurtíková, Daniela (Betreuung Doktorarbeit)
Format: Manuskript Buch
Sprache:Slowakisch
Veröffentlicht: 2018
Schlagworte:
Online-Zugang:http://is.stuba.sk/zp/portal_zp.pl?podrobnosti=137727
https://opac.crzp.sk/?fn=detailBiblioForm&sid=752BE197E3AE405D458FF879404B
Tags: Tag hinzufügen
Keine Tags, Fügen Sie das erste Tag hinzu!

MARC

LEADER 00000ntm a22000003a 4500
001 stuzp68723
003 SK-STU
005 20230718103216.6
007 ta
008 150427s2015----xo-----f-mn---000-0-slo-d
040 |a STU  |b slo 
041 0 |a slo 
100 1 |a Smalik, Stanislav  |u 010290  |4 aut  |U SvF Stavebná fakulta  |T SvF Katedra technických zariadení budov  |X 63550  |U V290  |Y 31  |7 63550 
242 0 1 |a Central ventilation of a residential building with the application of a heat recovery unit  |y eng 
245 1 0 |a Centrálne vetranie bytového domu s aplikáciou rekuperačnej jednotky 
260 |c 2018 
650 4 |a vetranie  |2 slo 
650 4 |a rekuperácia  |2 slo 
650 4 |a chladenie  |2 slo 
650 4 |a bytový dom  |2 slo 
650 4 |a ventilation  |2 eng 
650 4 |a heat recovery  |2 eng 
650 4 |a cooling  |2 eng 
650 4 |a residential building  |2 eng 
700 1 |a Hurtíková, Daniela  |u 010290  |k Z8  |4 ths  |U SvF Stavebná fakulta  |T SvF Katedra technických zariadení budov  |X 23437  |U V290  |Y 31  |7 A000023437 
856 4 |u http://is.stuba.sk/zp/portal_zp.pl?podrobnosti=137727 
856 4 |u https://opac.crzp.sk/?fn=detailBiblioForm&sid=752BE197E3AE405D458FF879404B